000 00589nam a2200169 a 4500
001 000035043
005 20200930074052.0
008 111024s1953 es a 000 0 spa d
040 _aDO-SdBNP
_bspa
_cBNPHU
100 1 _aGuthrie, Douglas,
_d1885-
_960677
245 1 0 _aHistoria de la medicina /
_cDouglas Guthrie.
260 _aBarcelona :
_bSalvat Editores,
_c1953.
300 _a558 p. ; :
_bil., ;
_c22 cm.
500 _aIncluye referencias bibliográficas y notas al pie de las páginas
590 _aPerteneció a la biblioteca personal de Juan Isidro Jimenes Grullón
049 _aBNPD
999 _c34534
_d34534